00510nam a22001697a 450000500170000001000130001702000260003003500130005603700200006908200060008910000200009524500850011526000370020027000580023730000210029570000240031620221017124858.0 aB-745992 a9789391017033c200.00 aB-745992 bSahitya Akademi aS aSaraf, Gayatri  aThe artist of a brick-kiln /cby Gayatri Saraf ; translated by Manoranjan Mishra aNew DelhibSahitya Akademic2021 aRabindra Bhavan, 35 Ferozshah RoadbNew Delhie110001 a161p.c22cm(pbk) aMishra, Manoranjan